Responses for Show #5758 - Wednesday, September 30, 2009

Andy Srinivasan game 4.

Contestants

[<< previous game]

Stan Chiueh, a law student from Austin, Texas

Jose Treviño, a logistics analyst from Bristow, Virginia

Andy Srinivasan, a high school science teacher from Garner, North Carolina (whose 3-day cash winnings total $53,800)

[next game >>]

Jeopardy! Round responses

HEALTH & MEDICINE
CLASSIC VIDEO GAMES
THE ONION
(Alex: Yes, the satirical newspaper.)
LITERARY SHIPS
THE CON IS ON
STAR-SPANGLED BANNER WORDS
(Alex: Words that you would find in "The Star-Spangled Banner".)
    $200 1
enamel

Andy
    $200 6
Pac-Man

Jose
    $200 11
Johnson & Johnson

Stan
    $200 16
Twenty Thousand Leagues Under the Sea

Andy
    $200 21
(Leonardo) DiCaprio

Andy
    $200 26
the wave

Jose
    $400 2
acupuncture

Jose
    $400 7
Asteroids

Andy
    $400 12
Morse

Stan
    $400 17
Moby-Dick

Stan
    $400 22
Madoff

Andy
    $400 27
(Stan: What is dusk?)

twilight

JoseStan
    $600 3
pink eye

Stan
    $600 8
Space Invaders

Andy
    $600 13
Armstrong

Andy
    $600 18
Peter Pan

Jose
    $600 23
Rockefeller

Andy
    $600 28
a rampart

Andy
    $800 4
(Andy: What is a gastroenterologist?)

a urologist

AndyJose
    $800 9
Donkey Kong

Andy
    $800 14
(Franz) Kafka

Stan
    $800 19
Jaws

Andy
    $800 24
the Brooklyn Bridge

Andy
    $800 29
streaming

Stan
    $1000 5
(Andy: What are forceps?)

clamps

Andy
Triple Stumper
    $1000 10
Tetris

Andy
    $1000 15
MacArthur

Andy
    $1000 20
Treasure Island

Andy
    $3,000 25
the Mona Lisa

Andy
    $1000 30
gallantly

Stan

Scores at the first commercial break (after clue 15):

Andy Jose Stan
$2,800 $1,400 $2,000

Scores at the end of the Jeopardy! Round:

Andy Jose Stan
$10,400 $2,600 $3,800

Double Jeopardy! Round responses

MADAM SENATOR
STEVE BUSCEMI FILMS
SAME FIRST & LAST LETTER
PUBLISHING
YOU CAN SAIL THE 7 SEAS
IN THE NAVY
    $400 6
(Andy: What is Washington?)

Maine

AndyStan
    $400 21
Armageddon

Andy
    $400 16
wallow

Andy
    $400 26
(Andy: What is mail order?)

subscription

AndyJose
    $400 11
Sulu

Andy
    $400 1
John Paul Jones

Andy
    $800 7
(Elizabeth) Dole

Stan
    $800 22
Fargo

Andy
    $800 17
an epistle

Andy
    $800 27
a book club

Andy
    $800 12
(Andy: What is North Sea?)

Baltic

AndyJose
    $800 2
John McCain

Stan
    $1200 8
Michigan

Stan
    $1200 23
The Big Lebowski

Stan
    $1200 18
libel

Andy
    $1200 28
(Stan: What is payment on delivery?)

print on demand

JoseStan
    $1200 13
the Mediterranean

Stan
    $1200 3
Sargent Shriver

Andy
    $1600 9
Missouri

Stan
    $1600 24
Con Air

Triple Stumper
    $5,000 19
the homestretch

Andy
    $1600 29
octavo

Jose
    $1600 14
the Red Sea

Stan
    $1600 4
Nelson

Andy
    $2000 10
(Stan: Who is Hutchinson?)
...
(Alex: You added an "N" to the lady's name. It's [*].)

Kay Bailey Hutchison

Stan
Triple Stumper
    $2000 25
Pulp Fiction

Stan
    $2000 20
a kink

Triple Stumper
    $2000 30
(Jose: What is paperback?)

an imprint

Jose
Triple Stumper
    $7,500 15
(Stan: What is... the Coral Sea?)
(Alex: No. Did you happen to notice the quotation marks around "Abel", spelled A-B-E-L? That was a reference to Abel [*]. [*].)

the Tasman Sea

Stan
    $2000 5
(David) Farragut

Andy

Scores at the end of the Double Jeopardy! Round:

Andy Jose Stan
$23,800 $4,600 $3,900
(lock game)

[wagering suggestions for these scores]

Final Jeopardy! Round responses

HISTORIC HEADLINES
(Alex: Daily Variety is the showbiz magazine, and they use a lot of showbiz expressions. And the headline was [*].)
StanWhat is Black Friday: Stock Market Crash
$1,131
JoseWhat was Stock Market Crashes?
$4,500
AndyWhat is the stock market?
$8,000
Wall Street Lays An Egg

Final scores:

Andy Jose Stan
$15,800 $100 $2,769
4-day champion: $69,600 3rd place: $1,000 2nd place: $2,000

Game dynamics:

Coryat scores:

Andy Jose Stan
$18,400 $4,600 $11,400
28 R
(including 2 DDs),
5 W
10 R,
1 W
16 R,
4 W
(including 1 DD)

Combined Coryat: $34,400

[game clues] [game scores] [suggest correction]

Game tape date: 2009-08-05
The J! Archive is created by fans, for fans. Scraping, republication, monetization, and malicious use prohibited; this site may use cookies and collect identifying information. See terms. The Jeopardy! game show and all elements thereof, including but not limited to copyright and trademark thereto, are the property of Jeopardy Productions, Inc. and are protected under law. This website is not affiliated with, sponsored by, or operated by Jeopardy Productions, Inc. Join the discussion at JBoard.tv.